[Event "Sparkassen-Open A"]
[Site "Heusenstamm, Martinsee"]
[Date "2022.11.17"]
[Round "1.29"]
[White "Böhme, Sebastian"]
[Black "Buchinger, Alexis"]
[Result "1/2-1/2"]
[WhiteElo "2172"]
[BlackElo "1774"]
[PlyCount "104"]
[EventDate "2022.??.??"]
[WhiteTeam "SC Erlangen 48/88"]
[BlackTeam "SF Neuberg"]

1. e4 e5 2. Nf3 Nc6 3. Nc3 Nf6 4. a3 a6 5. d4 exd4 6. Nxd4 Nxd4 7. Qxd4 d6 8.
h4 b5 9. Bf4 Be6 10. O-O-O Be7 11. f3 O-O 12. h5 Nd7 13. Nd5 Bxd5 14. Qxd5 Nb6
15. Qf5 Qd7 16. Qxd7 Nxd7 17. Bd2 Nc5 18. g3 Rfb8 19. Ba5 Bd8 20. Bg2 Nb7 21.
Bc3 a5 22. f4 Ra6 23. h6 g6 24. e5 Be7 25. Rhe1 Nc5 26. exd6 Bxd6 27. Be5 Kf8
28. Bg7+ Kg8 29. Bd5 b4 30. axb4 axb4 31. b3 Bf8 32. Bc4 Bxg7 33. Bxa6 Bc3 34.
Bb5 Bxe1 35. Rxe1 Kf8 36. Bc6 Ne6 37. Rd1 Rd8 38. Rxd8+ Nxd8 39. Bd5 f6 40. Kd2
Nf7 41. Bxf7 Kxf7 42. Kd3 Ke6 43. Ke4 f5+ 44. Kd4 Kd6 45. Kc4 c5 46. Kb5 Kd5
47. Kb6 Kd6 48. Ka5 Kc6 49. Ka6 Kd6 50. Kb6 Kd5 51. Kb5 Kd6 52. Kc4 Kc6 1/2-1/2

[Event "Sparkassen-Open A"]
[Site "Heusenstamm, Martinsee"]
[Date "2022.11.17"]
[Round "1.30"]
[White "Francke, Helmut"]
[Black "Förster, Erik"]
[Result "0-1"]
[WhiteElo "1892"]
[BlackElo "2175"]
[PlyCount "64"]
[EventDate "2022.??.??"]
[WhiteTeam "SC Bad Nauheim"]
[BlackTeam "Sfr.Heidesheim"]

1. Nf3 Nf6 2. g3 b5 3. Bg2 Bb7 4. O-O e6 5. d3 d5 6. c4 bxc4 7. dxc4 Nbd7 8.
cxd5 exd5 9. Nc3 Be7 10. Bg5 O-O 11. Nd4 Nb6 12. Qc2 Re8 13. Nf5 Bf8 14. Nb5
Qd7 15. Nxc7 Rec8 16. Rac1 Ne8 17. Bh3 Kh8 18. Kg2 d4+ 19. f3 Nxc7 20. Nd6 Ne6
21. Nxc8 Rxc8 22. Qf5 Nd5 23. Bd2 g6 24. Qd3 Bg7 25. e4 dxe3 26. Bxe3 Nxe3+ 27.
Qxe3 Re8 28. Rcd1 Qc7 29. Qb3 Nd4 30. Qd3 Re2+ 31. Kh1 Rxb2 32. Rc1 h6 0-1

[Event "Sparkassen-Open A"]
[Site "Heusenstamm, Martinsee"]
[Date "2022.11.17"]
[Round "1.31"]
[White "Hinrichs, Paul"]
[Black "Lotz, Ralf"]
[Result "1-0"]
[WhiteElo "2172"]
[BlackElo "1890"]
[PlyCount "73"]
[EventDate "2022.??.??"]
[WhiteTeam "Sfr.Heidesheim"]
[BlackTeam "SC 1952 Obertshausen"]

1. d4 Nf6 2. c4 e6 3. Nc3 d5 4. cxd5 exd5 5. Bg5 Be7 6. e3 c6 7. Bd3 O-O 8. Qc2
h6 9. Bh4 Be6 10. O-O-O a5 11. Nf3 Na6 12. h3 Nb4 13. Qb1 a4 14. a3 Nxd3+ 15.
Qxd3 Nd7 16. Bxe7 Qxe7 17. Rhe1 Qf6 18. e4 Qf4+ 19. Qe3 Qxe3+ 20. fxe3 dxe4 21.
Nxe4 Bb3 22. Rd3 Rfe8 23. Nd6 Reb8 24. Nd2 Be6 25. e4 Nb6 26. g4 Ra7 27. Rg1
Rd8 28. e5 Nd5 29. N2e4 Nf4 30. Re3 Nd5 31. Rf3 b5 32. g5 hxg5 33. Rxg5 Kf8 34.
Nc5 Bc8 35. h4 Nb6 36. Rfg3 f6 37. Nxc8 1-0

[Event "Sparkassen-Open A"]
[Site "Heusenstamm, Martinsee"]
[Date "2022.11.17"]
[Round "1.32"]
[White "Schellenberger, Dirk"]
[Black "Wolf, Ulrich Martin"]
[Result "0-1"]
[WhiteElo "1799"]
[BlackElo "2182"]
[PlyCount "86"]
[EventDate "2022.??.??"]
[WhiteTeam "SC Aschaffenburg"]
[BlackTeam "SK Bad Homburg 1927"]

1. e3 f5 2. Nf3 Nf6 3. b3 g6 4. Bb2 Bg7 5. c4 O-O 6. Be2 d6 7. d4 Qe8 8. O-O h6
9. Nc3 a5 10. Qc2 Na6 11. Rad1 Qf7 12. a3 Kh8 13. Bd3 Ng8 14. Rfe1 g5 15. Ne2
c6 16. Bc3 Nc7 17. b4 axb4 18. axb4 Be6 19. Nd2 b5 20. Bb2 bxc4 21. Nxc4 Nd5
22. Bc3 Rfb8 23. Rb1 Nxc3 24. Qxc3 Bd5 25. Rec1 Ra2 26. Ra1 Rxa1 27. Rxa1 Nf6
28. f3 Qe6 29. Kf2 Ne4+ 30. Bxe4 fxe4 31. Nd2 exf3 32. Nxf3 Rf8 33. h3 Bxf3 34.
gxf3 Qxh3 35. Ng1 Qh2+ 36. Kf1 g4 37. Qe1 gxf3 38. Qf2 Qh5 39. Ra5 Qg4 40. Ra2
Bf6 41. Qh2 Bg5 42. Ra3 f2 43. Ne2 Qxe2+ 0-1

[Event "Sparkassen-Open A"]
[Site "Heusenstamm, Martinsee"]
[Date "2022.11.17"]
[Round "1.33"]
[White "Kardoeus, David"]
[Black "Vangsgaard, Claus"]
[Result "1-0"]
[WhiteElo "2167"]
[BlackElo "1888"]
[PlyCount "123"]
[EventDate "2022.??.??"]
[WhiteTeam "SV Werder Bremen"]
[BlackTeam "Vejlby-Risskov SK"]

1. e4 c6 2. Ne2 d5 3. exd5 cxd5 4. Ng3 Nf6 5. d4 Bg4 6. Bb5+ Bd7 7. Bd3 Nc6 8.
c3 e5 9. dxe5 Nxe5 10. O-O Nxd3 11. Qxd3 Be7 12. Nf5 Bxf5 13. Qxf5 O-O 14. Be3
Qc8 15. Qf3 Qg4 16. Nd2 Qh4 17. Rfd1 Ne4 18. g3 Qf6 19. Qg4 Qc6 20. Nxe4 f5 21.
Nf6+ Rxf6 22. Qf3 Rd8 23. Bg5 Re6 24. Bxe7 Rxe7 25. Rd4 b5 26. Qxf5 Re2 27. Rf4
h6 28. Qf7+ Kh8 29. Rg4 Rd7 30. Qf8+ Kh7 31. Qf5+ Kh8 32. Rg6 Qb7 33. Qf3 Rde7
34. Rd6 R2e5 35. Rd1 Rf7 36. Rd8+ Kh7 37. Qd3+ g6 38. Rd6 Ref5 39. Re1 Qc7 40.
Ree6 Qc5 41. Qd4 Qxd4 42. cxd4 Rxf2 43. Rxg6 Rxb2 44. Rxh6+ Kg7 45. Rdg6+ Kf8
46. Rh8+ Ke7 47. Ra6 Rd2 48. Rxa7+ Kf6 49. Rh6+ Kg7 50. Rh7+ Kxh7 51. Rxf7+ Kg6
52. Rb7 Kf5 53. Rxb5 Ke4 54. h4 Kxd4 55. a4 Ra2 56. Ra5 Ke4 57. h5 d4 58. h6 d3
59. h7 d2 60. Re5+ Kf3 61. Rd5 Kxg3 62. h8=Q 1-0

[Event "Sparkassen-Open A"]
[Site "Heusenstamm, Martinsee"]
[Date "2022.11.17"]
[Round "1.34"]
[White "Blaschke, Henri Johannes"]
[Black "Neininger, Ralph"]
[Result "0-1"]
[WhiteElo "1822"]
[BlackElo "2123"]
[PlyCount "60"]
[EventDate "2022.??.??"]
[WhiteTeam "SK Vellmar"]
[BlackTeam "SV Oberursel"]

1. d4 d5 2. c4 dxc4 3. Nf3 Nf6 4. e3 e6 5. Bxc4 a6 6. O-O c5 7. a3 Nbd7 8. Nc3
b5 9. Ba2 Bb7 10. Re1 Be7 11. d5 exd5 12. Nxd5 Nxd5 13. Bxd5 Bxd5 14. Qxd5 O-O
15. e4 Nf6 16. Qf5 Qc8 17. Qxc8 Raxc8 18. Bg5 h6 19. Bh4 Rfd8 20. e5 Nd5 21. e6
Bxh4 22. exf7+ Kxf7 23. Nxh4 Nf4 24. Nf5 Kf6 25. g4 Rd2 26. Re4 Nh3+ 27. Kg2
Nxf2 28. Re7 g6 29. Kg3 gxf5 30. Rae1 Ne4+ 0-1

[Event "Sparkassen-Open A"]
[Site "Heusenstamm, Martinsee"]
[Date "2022.11.17"]
[Round "1.35"]
[White "Ochs, Daniel Elias"]
[Black "Mohr, Thomas"]
[Result "1-0"]
[WhiteElo "2107"]
[BlackElo "1886"]
[PlyCount "93"]
[EventDate "2022.??.??"]
[WhiteTeam "Wiesbadener SV 1885"]
[BlackTeam "SC FK Babenhausen 1994"]

1. d4 d5 2. c4 e6 3. Nf3 f5 4. Qc2 Nf6 5. Bf4 Bd6 6. e3 c6 7. Be2 O-O 8. O-O
Ne4 9. Nc3 Qe7 10. c5 Bxf4 11. exf4 b6 12. b4 bxc5 13. bxc5 Qc7 14. Ne5 Nd7 15.
Nb1 Nef6 16. Nd2 Nxe5 17. fxe5 Nd7 18. Qa4 a5 19. Rab1 Ba6 20. Bxa6 Rxa6 21. f4
Rb8 22. Rxb8+ Nxb8 23. Rb1 Nd7 24. h3 h6 25. Kh2 Ra8 26. Nf3 g6 27. Qc2 Kf7 28.
g4 Rb8 29. Rg1 Qb7 30. gxf5 gxf5 31. Qg2 Qb2 32. Nd2 Nf8 33. Rb1 Qxb1 34. Nxb1
Rxb1 35. Qe2 Ng6 36. Qa6 Rb2+ 37. Kg3 Rxa2 38. Qxc6 Ne7 39. Qa8 Ra4 40. Qh8
Rxd4 41. Qf6+ Ke8 42. Qxe6 h5 43. Qd6 h4+ 44. Kxh4 Rxf4+ 45. Kg3 Re4 46. e6 f4+
47. Kf2 1-0

[Event "Sparkassen-Open A"]
[Site "Heusenstamm, Martinsee"]
[Date "2022.11.17"]
[Round "1.36"]
[White "Marchese, Andrea"]
[Black "Warter, Siegfried"]
[Result "0-1"]
[WhiteElo "1869"]
[BlackElo "2149"]
[PlyCount "128"]
[EventDate "2022.??.??"]
[WhiteTeam "SC Matt im Park Ffm"]
[BlackTeam "SC Turm Winterbach"]

1. d4 Nf6 2. c4 e6 3. Nc3 d5 4. e3 c5 5. Nf3 Nc6 6. Bd3 dxc4 7. Bxc4 Be7 8. O-O
O-O 9. a3 a6 10. Re1 b5 11. Ba2 Qb6 12. dxc5 Qxc5 13. Qe2 Bb7 14. e4 e5 15. Nd5
Nd4 16. Nxe7+ Qxe7 17. Nxd4 exd4 18. Bg5 h6 19. Bxf6 Qxf6 20. Qd3 Rfe8 21. f3
Rad8 22. Rad1 h5 23. Re2 h4 24. Red2 h3 25. g3 g5 26. Rf2 Rd7 27. Qf1 d3 28.
Qxh3 Qd4 29. Rdd2 Rc7 30. Qf1 Rd8 31. Bb1 Qe3 32. g4 Rcd7 33. Kh1 Kg7 34. Rg2
f6 35. Qf2 Qf4 36. Rg1 a5 37. Rgd1 Rc8 38. Rxd3 Rxd3 39. Bxd3 b4 40. axb4 axb4
41. Qd2 Qxf3+ 42. Kg1 Qxg4+ 43. Kf1 Rd8 44. Qe2 Qh3+ 45. Kg1 Rd4 46. Bc2 Qd7
47. Rxd4 Qxd4+ 48. Kf1 Qxb2 49. Qd3 Ba6 50. Qxa6 Qc1+ 51. Kf2 Qxc2+ 52. Kf3
Qc3+ 53. Kg4 Qd4 54. Qb7+ Kh6 55. Qa8 Qd7+ 56. Kg3 Kg7 57. Kf3 Qh3+ 58. Ke2
Qxh2+ 59. Kd3 Qc7 60. Qd5 Qc3+ 61. Ke2 b3 62. Qd7+ Kh6 63. Qd6 Qc2+ 64. Kf3 g4+
0-1

[Event "Sparkassen-Open A"]
[Site "Heusenstamm, Martinsee"]
[Date "2022.11.17"]
[Round "1.37"]
[White "Reschke, Thomas"]
[Black "Winter, Lars"]
[Result "1-0"]
[WhiteElo "2143"]
[BlackElo "1880"]
[PlyCount "77"]
[EventDate "2022.??.??"]
[WhiteTeam "SC Frankfurt-West"]
[BlackTeam "SV Fechenheim"]

1. c4 Nf6 2. g3 g6 3. Bg2 Bg7 4. Nc3 O-O 5. e4 d6 6. Nge2 c5 7. a3 Nc6 8. Rb1
e5 9. b4 b6 10. d3 Be6 11. O-O Qd7 12. Nd5 Ne7 13. Nxe7+ Qxe7 14. f4 Bg4 15.
Bf3 Bxf3 16. Rxf3 Ne8 17. f5 Bf6 18. Nc3 Nc7 19. bxc5 dxc5 20. Qf1 g5 21. g4
Kg7 22. Rh3 Rad8 23. Bb2 Rd6 24. Re1 a6 25. Nd5 Qd8 26. Qf2 h6 27. Qg3 Re8 28.
Rh5 b5 29. Qh3 Rh8 30. Qe3 bxc4 31. dxc4 Rc6 32. Rd1 Qb8 33. Qe2 Nxd5 34. exd5
Rb6 35. Rd2 e4 36. Bxf6+ Kxf6 37. Qxe4 Re8 38. Rxh6+ Kg7 39. Rxb6 1-0

[Event "Sparkassen-Open A"]
[Site "Heusenstamm, Martinsee"]
[Date "2022.11.17"]
[Round "1.38"]
[White "Udelnov, Valentin"]
[Black "Iliev, Mustafa Batuhan"]
[Result "1-0"]
[WhiteElo "1873"]
[BlackElo "2089"]
[PlyCount "71"]
[EventDate "2022.??.??"]
[WhiteTeam "Schachzwerge Magdeburg"]
[BlackTeam "SV KS 1929 Großauheim"]

1. e4 c5 2. Nf3 e6 3. d4 cxd4 4. Nxd4 Nf6 5. Bd3 Nc6 6. Nxc6 dxc6 7. O-O e5 8.
Nd2 Bg4 9. Qe1 Bc5 10. Nc4 Qe7 11. Be3 Bxe3 12. Nxe3 Be6 13. Qc3 Nd7 14. Bc4
Bxc4 15. Qxc4 O-O 16. Rad1 Rad8 17. Nf5 Qc5 18. Qb3 b5 19. Rd6 Nb8 20. Ne7+ Kh8
21. Rxd8 Rxd8 22. Qxf7 Qd6 23. Nf5 Qd7 24. Qxd7 Rxd7 25. f4 exf4 26. e5 g6 27.
e6 Rd8 28. e7 Re8 29. Rd1 Na6 30. Rd8 Nc7 31. Nd6 Rg8 32. Rxg8+ Kxg8 33. e8=Q+
Nxe8 34. Nxe8 Kf7 35. Nd6+ Ke6 36. Ne4 1-0

[Event "Sparkassen-Open A"]
[Site "Heusenstamm, Martinsee"]
[Date "2022.11.17"]
[Round "1.39"]
[White "Besou, Hussain"]
[Black "Büse, Ralf"]
[Result "1-0"]
[WhiteElo "2106"]
[BlackElo "1870"]
[PlyCount "49"]
[EventDate "2022.??.??"]
[WhiteTeam "LSV Turm Lippstadt"]
[BlackTeam "SC Ladja Roßdorf"]

1. e4 e6 2. d4 d5 3. Nc3 Bb4 4. e5 c5 5. a3 Bxc3+ 6. bxc3 Qa5 7. Bd2 Qa4 8. Qg4
Kf8 9. Nf3 Nc6 10. Bd3 c4 11. Be2 Nge7 12. Bd1 Bd7 13. h4 h6 14. Qf4 Kg8 15. h5
Rf8 16. g4 f6 17. exf6 gxf6 18. Qd6 Bc8 19. Nh4 Kf7 20. Ng6 Nxg6 21. hxg6+ Kxg6
22. Rxh6+ Rxh6 23. Qxf8 Rh4 24. Ke2 Ne5 25. Qg8# 1-0

[Event "Sparkassen-Open A"]
[Site "Heusenstamm, Martinsee"]
[Date "2022.11.17"]
[Round "1.40"]
[White "Fechner, Andreas"]
[Black "Henrich, David"]
[Result "1/2-1/2"]
[WhiteElo "1875"]
[BlackElo "2131"]
[PlyCount "33"]
[EventDate "2022.??.??"]
[WhiteTeam "Spvgg Böblingen"]
[BlackTeam "SK Niederbrechen 1948"]

1. d4 d6 2. c4 e5 3. dxe5 dxe5 4. Qxd8+ Kxd8 5. e4 Be6 6. Nc3 Nd7 7. Be3 c6 8.
O-O-O Kc7 9. f4 f6 10. Nf3 Nh6 11. h3 Bd6 12. f5 Bg8 13. Be2 Nf7 14. a3 b6 15.
Rd2 Bc5 16. Bxc5 Nxc5 17. Kc2 1/2-1/2

[Event "Sparkassen-Open A"]
[Site "Heusenstamm, Martinsee"]
[Date "2022.11.17"]
[Round "1.41"]
[White "Foerster-Yialamas, Lucas"]
[Black "Jung, Maximilian"]
[Result "1/2-1/2"]
[WhiteElo "2125"]
[BlackElo "1820"]
[PlyCount "88"]
[EventDate "2022.??.??"]
[WhiteTeam "Frankfurter TV 1860"]
[BlackTeam "TSV Schott Mainz"]

1. e4 e5 2. Nf3 Nc6 3. Bb5 a6 4. Ba4 Nf6 5. O-O Bc5 6. Nxe5 Nxe5 7. d4 b5 8.
Bb3 Bxd4 9. Qxd4 d6 10. f4 c5 11. Qc3 Neg4 12. e5 c4 13. exf6 O-O 14. fxg7 Re8
15. h3 Qb6+ 16. Kh1 Nf2+ 17. Kh2 Bb7 18. Bxc4 bxc4 19. Nd2 Re2 20. Nxc4 Nd1 21.
Qg3 Qc6 22. Rg1 Qxc4 23. f5 Qxc2 24. Bh6 Nxb2 25. Rab1 Bd5 26. Rbc1 Qe4 27.
Rce1 Re8 28. Rxe2 Qxe2 29. Kh1 Nc4 30. f6 Ne3 31. Bxe3 Rxe3 32. Rc1 Re8 33. a3
Qe5 34. Qf2 Bb7 35. Rc7 Qa1+ 36. Kh2 Qe5+ 37. Kg1 Qe1+ 38. Qxe1 Rxe1+ 39. Kf2
Re6 40. Rxb7 Rxf6+ 41. Ke3 Rg6 42. Kf3 Kxg7 43. Rb4 d5 44. a4 Rc6 1/2-1/2

[Event "Sparkassen-Open A"]
[Site "Heusenstamm, Martinsee"]
[Date "2022.11.17"]
[Round "1.42"]
[White "Reinecke, Katharina"]
[Black "Papadopoulos, Ioannis"]
[Result "0-1"]
[WhiteElo "1875"]
[BlackElo "2114"]
[PlyCount "102"]
[EventDate "2022.??.??"]
[WhiteTeam "SK Langen"]
[BlackTeam "SV Oberursel"]

1. d4 Nf6 2. c4 e6 3. Nf3 b6 4. a3 Bb7 5. Nc3 d5 6. e3 Be7 7. cxd5 Nxd5 8. Nxd5
Qxd5 9. Be2 Nd7 10. b4 O-O 11. Bb2 Rfd8 12. Rc1 c5 13. dxc5 Qxd1+ 14. Rxd1 bxc5
15. b5 Nb6 16. O-O f6 17. Rxd8+ Rxd8 18. Rd1 Bd5 19. Nd2 Kf7 20. e4 Ba2 21. f3
c4 22. Nf1 Na4 23. Rxd8 Bxd8 24. Bd4 Bb6 25. Bxb6 Nxb6 26. Ne3 c3 27. Bd1 Nc4
28. Nxc4 Bxc4 29. Bc2 Bxb5 30. Kf2 e5 31. g3 Ke7 32. f4 Kd6 33. Ke3 Kc5 34. Bb3
a5 35. h4 a4 36. Bc2 h6 37. Bd1 Kc4 38. Be2+ Kb3 39. Bxb5 c2 40. Bxa4+ Kxa4 41.
Kd2 Kxa3 42. Kxc2 Kb4 43. Kd3 h5 44. fxe5 fxe5 45. Ke3 Kc3 46. Kf3 Kd3 47. g4
hxg4+ 48. Kxg4 Kxe4 49. Kg5 Kf3 50. h5 e4 51. Kg6 Kg4 0-1

[Event "Sparkassen-Open A"]
[Site "Heusenstamm, Martinsee"]
[Date "2022.11.17"]
[Round "1.43"]
[White "Ohler, Julius"]
[Black "Buchholz, Maja Patricia"]
[Result "1/2-1/2"]
[WhiteElo "2120"]
[BlackElo "1695"]
[PlyCount "124"]
[EventDate "2022.??.??"]
[WhiteTeam "SC ML Kastellaun"]
[BlackTeam "Wiesbadener SV 1885"]

1. d4 d5 2. c4 c6 3. Nf3 Nf6 4. Qc2 Bg4 5. Nbd2 e6 6. g3 Nbd7 7. Bg2 Bf5 8. Qb3
Qb6 9. c5 Qc7 10. Nh4 Bg4 11. h3 Bh5 12. Ndf3 Ne4 13. O-O b6 14. Bf4 Qd8 15.
cxb6 axb6 16. g4 g5 17. Nxg5 Nxg5 18. gxh5 Rg8 19. Qg3 Bh6 20. Nf3 Nxh3+ 21.
Qxh3 Bxf4 22. e3 Bd6 23. Rfc1 Rc8 24. Kf1 Nf6 25. Nd2 Rg5 26. Bf3 Kd7 27. Ke2
Qg8 28. a3 c5 29. dxc5 bxc5 30. Qh4 c4 31. Qd4 Nxh5 32. Bxh5 Rxh5 33. Rg1 Rg5
34. Rxg5 Qxg5 35. Nf3 Qf5 36. Rg1 Rc7 37. Rg7 Kc6 38. Qd1 Kc5 39. b4+ Kb6 40.
Rg8 Ra7 41. a4 Qd3+ 42. Qxd3 cxd3+ 43. Kxd3 Bxb4 44. Ng5 h6 45. Nh3 Rxa4 46.
Rg7 Ra3+ 47. Ke2 Ra7 48. Rh7 Bf8 49. Rh8 Be7 50. Rxh6 Kc5 51. Rh7 Bf6 52. Nf4
Kd6 53. Kf3 Re7 54. Rh1 Bc3 55. Rc1 Rc7 56. Rh1 e5 57. Rh6+ Kc5 58. Ne2 Kc4 59.
Nxc3 Kxc3 60. Rd6 Rc5 61. Ke2 d4 62. f4 dxe3 1/2-1/2

[Event "Sparkassen-Open A"]
[Site "Heusenstamm, Martinsee"]
[Date "2022.11.17"]
[Round "1.44"]
[White "Peter, Laurenz"]
[Black "Perske, Paul"]
[Result "0-1"]
[WhiteElo "1851"]
[BlackElo "2043"]
[PlyCount "52"]
[EventDate "2022.??.??"]
[WhiteTeam "SG Kaarst 1912/35"]
[BlackTeam "Sfr.Heidesheim"]

1. d4 d5 2. Nf3 Nf6 3. c4 e6 4. g3 Be7 5. Bg2 O-O 6. O-O dxc4 7. a4 Bd7 8. Ne5
Bc6 9. Nxc6 Nxc6 10. e3 Na5 11. Nc3 c6 12. e4 Nb3 13. Rb1 Qxd4 14. Qxd4 Nxd4
15. e5 Nd5 16. f4 Rfd8 17. g4 Nb3 18. Ne4 Nc5 19. a5 Nb3 20. a6 b5 21. f5 Bc5+
22. Kh1 Be3 23. fxe6 fxe6 24. Nf6+ gxf6 25. Bxd5 cxd5 26. Bxe3 fxe5 0-1

[Event "Sparkassen-Open A"]
[Site "Heusenstamm, Martinsee"]
[Date "2022.11.17"]
[Round "1.45"]
[White "Poschadel, Andreas Gregor"]
[Black "Armbrust, Matthias"]
[Result "1-0"]
[WhiteElo "2107"]
[BlackElo "1854"]
[PlyCount "65"]
[EventDate "2022.??.??"]
[WhiteTeam "Hamelner SV"]
[BlackTeam "TSG 1846 Bretzenheim/ZMO"]

1. e4 c5 2. Nf3 d6 3. d4 cxd4 4. Nxd4 Nf6 5. Nc3 Nc6 6. f3 e5 7. Nb3 Be6 8. Be3
Be7 9. Qe2 O-O 10. O-O-O Rc8 11. Nc5 Ne8 12. Qf2 b6 13. Nxe6 fxe6 14. Bc4 Nc7
15. Qg3 Bf6 16. Qg4 Qe7 17. a3 Rb8 18. Nb5 Nxb5 19. Bxb5 Nd4 20. Bxd4 exd4 21.
Bc4 Rfe8 22. f4 Kh8 23. h4 b5 24. Bb3 b4 25. a4 Rbc8 26. Qh3 Qc7 27. g4 e5 28.
g5 Be7 29. f5 Rf8 30. Qg4 Qd8 31. Rhg1 Qc7 32. f6 gxf6 33. g6 1-0

[Event "Sparkassen-Open A"]
[Site "Heusenstamm, Martinsee"]
[Date "2022.11.17"]
[Round "1.46"]
[White "Kosak, Matjaz"]
[Black "Sandten-Ma, Ulrich"]
[Result "0-1"]
[WhiteElo "1749"]
[BlackElo "2105"]
[PlyCount "80"]
[EventDate "2022.??.??"]
[WhiteTeam "SV Frankfurt Nord 1926"]
[BlackTeam "VSG 1880 Offenbach"]

1. e4 e6 2. d4 d5 3. e5 c5 4. c3 Nc6 5. Nf3 Nge7 6. Bd3 cxd4 7. cxd4 Nf5 8. Bc2
Qb6 9. Bxf5 exf5 10. O-O Be6 11. Nc3 h6 12. Qd3 Be7 13. Bd2 Rc8 14. Na4 Qd8 15.
Rac1 O-O 16. Qb5 Rc7 17. Nc5 Qb8 18. h4 Rfc8 19. Rc3 Nxd4 20. Nxd4 Rxc5 21. Qe2
Rc4 22. Rd3 Bc5 23. Bc3 b5 24. Nb3 Be7 25. g3 g6 26. Rfd1 b4 27. Bd4 Qc7 28.
Qe3 Kh7 29. Bxa7 Re4 30. Qb6 Qxe5 31. Qb7 Re1+ 32. Rxe1 Qxe1+ 33. Kh2 Bf6 34.
Rd2 f4 35. gxf4 Qf1 36. Qxb4 Qh3+ 37. Kg1 Qg4+ 38. Kf1 Qxh4 39. Ke2 Bg4+ 40.
Ke1 Qh1# 0-1

[Event "Sparkassen-Open A"]
[Site "Heusenstamm, Martinsee"]
[Date "2022.11.17"]
[Round "1.47"]
[White "Kocharin, Timur"]
[Black "Mehlen, Theodor"]
[Result "1-0"]
[WhiteElo "2103"]
[BlackElo "1827"]
[PlyCount "65"]
[EventDate "2022.??.??"]
[WhiteTeam "TSV Schönaich"]
[BlackTeam "SC Matt im Park Ffm"]

1. d4 d5 2. c4 e6 3. Nc3 Nf6 4. Bg5 Be7 5. cxd5 exd5 6. e3 O-O 7. Bd3 c6 8.
Nge2 Nbd7 9. O-O h6 10. Bh4 Nb6 11. Qc2 Nh5 12. Bxe7 Qxe7 13. Rae1 Nf6 14. Ng3
Be6 15. f3 Qd7 16. Nce2 Rae8 17. Nf4 Qd6 18. Nxe6 Rxe6 19. Nf5 Qd8 20. Qf2 Nh7
21. e4 Rfe8 22. e5 Nc8 23. f4 f6 24. Qg3 Qd7 25. Nxh6+ Kh8 26. Bxh7 Kxh7 27. f5
R6e7 28. e6 Qc7 29. Qg6+ Kh8 30. Nf7+ Kg8 31. Qh5 Rxf7 32. exf7+ Kf8 33. Rxe8#
1-0

[Event "Sparkassen-Open A"]
[Site "Heusenstamm, Martinsee"]
[Date "2022.11.17"]
[Round "1.48"]
[White "Hasselbacher, Uwe"]
[Black "Poysti, Nathanael"]
[Result "0-1"]
[WhiteElo "1815"]
[BlackElo "2087"]
[PlyCount "88"]
[EventDate "2022.??.??"]
[WhiteTeam "SC Fulda"]
[BlackTeam "Ottakring"]

1. c4 c5 2. Nc3 Nc6 3. g3 g6 4. Bg2 Bg7 5. d3 d6 6. Bd2 e6 7. a3 Nge7 8. Rb1 b6
9. b4 Bb7 10. b5 Na5 11. e4 O-O 12. Nge2 Rc8 13. O-O d5 14. cxd5 exd5 15. exd5
Nxd5 16. Ne4 c4 17. Bxa5 cxd3 18. Qxd3 bxa5 19. Qd2 f5 20. Rbd1 fxe4 21. Bxe4
Re8 22. Bg2 Nc3 23. Nxc3 Qxd2 24. Rxd2 Bxg2 25. Kxg2 Rxc3 26. Rd7 Ra8 27. Re1
Bf8 28. a4 Rc4 29. h4 Rxa4 30. Re5 Rc4 31. Rb7 Bd6 32. Rg5 Rc7 33. Rxc7 Bxc7
34. h5 Kg7 35. hxg6 hxg6 36. f4 Rf8 37. Rd5 Bb6 38. Kf3 Rf5 39. Rd7+ Kf8 40.
Rd3 Kf7 41. Rd7+ Ke6 42. Rg7 Kf6 43. Rd7 Rxb5 44. Rd6+ Kf7 0-1

[Event "Sparkassen-Open A"]
[Site "Heusenstamm, Martinsee"]
[Date "2022.11.17"]
[Round "1.49"]
[White "Chassard, Cedric"]
[Black "Trenz, Finn"]
[Result "1-0"]
[WhiteElo "2041"]
[BlackElo "1678"]
[PlyCount "63"]
[EventDate "2022.??.??"]
[WhiteTeam "SC Schwarzenbach"]
[BlackTeam "SV Multatuli Ingelheim"]

1. e4 d5 2. exd5 Qxd5 3. Nc3 Qd6 4. d4 Nf6 5. Nf3 c6 6. g3 Bg4 7. Bg2 Nbd7 8.
O-O g6 9. Bf4 Qb4 10. h3 Bxf3 11. Qxf3 Bg7 12. d5 O-O 13. dxc6 bxc6 14. Qxc6
Rac8 15. Qb7 Nb6 16. Rab1 Nh5 17. Bg5 Rfe8 18. Qxa7 Nc4 19. Nd5 Qd6 20. Nxe7+
Rxe7 21. Bxe7 Qd2 22. Qa6 Qd7 23. Rbd1 Qc7 24. b3 Nb6 25. Bd6 Qxc2 26. Qxb6
Qxa2 27. Bc5 Re8 28. Rd8 Nf6 29. Rxe8+ Nxe8 30. Qd8 Qxb3 31. Qxe8+ Bf8 32.
Qxf8# 1-0

[Event "Sparkassen-Open A"]
[Site "Heusenstamm, Martinsee"]
[Date "2022.11.17"]
[Round "1.50"]
[White "Nagel, Matthias"]
[Black "Schmidt, Markus"]
[Result "0-1"]
[WhiteElo "1763"]
[BlackElo "2099"]
[PlyCount "78"]
[EventDate "2022.??.??"]
[WhiteTeam "SV 1920 Kelsterbach"]
[BlackTeam "SK Niederbrechen 1948"]

1. d4 d5 2. Nc3 Nf6 3. Bf4 Bf5 4. f3 e6 5. g4 Bg6 6. h4 h5 7. g5 Ng8 8. e3 Bd6
9. Nh3 Ne7 10. Qd2 c5 11. Nb5 Bxf4 12. Nxf4 a6 13. Nc3 cxd4 14. exd4 Bf5 15.
Bd3 g6 16. Nce2 Nbc6 17. c3 Qd6 18. Kf2 O-O 19. Ng3 Bxd3 20. Nxd3 b5 21. Rae1
b4 22. Nxb4 Nxb4 23. cxb4 Qb6 24. a3 Nc6 25. Ne2 a5 26. b5 Qxb5 27. Rc1 Qb6 28.
Kg2 a4 29. Rb1 Na5 30. Qb4 Qxb4 31. axb4 Nb3 32. Nc3 Rfb8 33. b5 Nxd4 34. Ra1
Nxb5 35. Nxa4 Nd4 36. Rhd1 Rb4 37. Rxd4 Rxd4 38. b3 Rxh4 39. Rc1 Rhxa4 0-1

[Event "Sparkassen-Open A"]
[Site "Heusenstamm, Martinsee"]
[Date "2022.11.17"]
[Round "1.51"]
[White "Eurich, Jannik"]
[Black "Hilbenz, Guntram"]
[Result "1-0"]
[WhiteElo "1992"]
[BlackElo "1829"]
[PlyCount "83"]
[EventDate "2022.??.??"]
[WhiteTeam "SK Langen"]
[BlackTeam "SC Bad Nauheim"]

1. e4 e5 2. Nf3 Nc6 3. Bb5 a6 4. Ba4 Nf6 5. O-O Be7 6. Re1 b5 7. Bb3 O-O 8. a4
Bb7 9. Nc3 Nd4 10. Nxd4 exd4 11. Nd5 Nxd5 12. exd5 c5 13. d3 Bd6 14. Qh5 g6 15.
Qh3 f5 16. Bh6 Re8 17. f4 Qf6 18. Bg5 Qf7 19. Qf3 Rxe1+ 20. Rxe1 Re8 21. Rxe8+
Qxe8 22. Kf2 h5 23. c3 Kg7 24. Kf1 Qf7 25. axb5 axb5 26. cxd4 cxd4 27. Bd8 Bc5
28. Qe2 d6 29. Qe6 Qxe6 30. dxe6 Kf8 31. Bf6 Ke8 32. Kf2 Bb6 33. Kg3 Ba5 34.
Bxd4 Ke7 35. Kh4 Bxg2 36. Kg5 Bd2 37. Bf6+ Ke8 38. h4 d5 39. Kxg6 Bxf4 40. Kxf5
Be3 41. Ke5 d4 42. Bd1 1-0

[Event "Sparkassen-Open A"]
[Site "Heusenstamm, Martinsee"]
[Date "2022.11.17"]
[Round "1.52"]
[White "Nahler, Michael"]
[Black "Pfitzer, Norbert"]
[Result "0-1"]
[WhiteElo "1825"]
[BlackElo "2084"]
[PlyCount "58"]
[EventDate "2022.??.??"]
[WhiteTeam "SV Oberursel"]
[BlackTeam "SV Backnang"]

1. e4 d6 2. d4 Nf6 3. Nc3 g6 4. f4 c6 5. Nf3 Bg7 6. Bd3 O-O 7. O-O b5 8. e5
dxe5 9. fxe5 Nd5 10. Nxd5 Qxd5 11. Bg5 f6 12. exf6 exf6 13. Be3 Be6 14. a4 Nd7
15. axb5 cxb5 16. Ra6 Nb6 17. b3 Bc8 18. Ra5 Qe6 19. Re1 a6 20. Bxb5 axb5 21.
d5 Nxd5 22. Rxa8 Nxe3 23. Qd3 Bh6 24. Qxb5 Qg4 25. Re2 Rd8 26. Ra1 Nxg2 27.
Rxg2 Be3+ 28. Kh1 Qxf3 29. Rf1 Rd1 0-1

[Event "Sparkassen-Open A"]
[Site "Heusenstamm, Martinsee"]
[Date "2022.11.17"]
[Round "1.53"]
[White "Steinle, Carsten"]
[Black "Busch, Malte"]
[Result "1-0"]
[WhiteElo "2082"]
[BlackElo "1823"]
[PlyCount "57"]
[EventDate "2022.??.??"]
[WhiteTeam "SV Ahlen 1954"]
[BlackTeam "SC 1979 Hattersheim"]

1. Nf3 f5 2. d3 Nf6 3. g3 e6 4. Bg2 Be7 5. O-O O-O 6. Nbd2 d6 7. e4 e5 8. c3
Qe8 9. exf5 Qh5 10. Nh4 Qxd1 11. Rxd1 c6 12. Ndf3 Na6 13. h3 d5 14. Nxe5 Nd7
15. Nef3 Ndc5 16. g4 Na4 17. Rb1 N6c5 18. Bg5 Bd6 19. Nd4 Bd7 20. Nb3 b6 21. c4
Rae8 22. cxd5 cxd5 23. Bxd5+ Kh8 24. Nxc5 bxc5 25. Kf1 Rb8 26. Bb3 Rb4 27. Bd2
Rd4 28. Bc4 Bf4 29. Nf3 1-0